000
00283nam a22001337a 4500
008
190205b xxu||||| |||| 00| 0 eng d
020
_a
0880290013
041
_a
eng
080
_a
941
100
_a
16
101
_a
HIS
245
_a
Gods of the Catalysm
_c
Fox, H
942
_2
udc
_c
BK
999
_c
54047
_d
54047